[Event "Sydney International Open"]
[Site "Parramatta, NSW"]
[Date "2010.04.09"]
[Round "5.37"]
[White "Brockman, Roland"]
[Black "Barisic, Frank"]
[Result "1/2-1/2"]
[WhiteElo "1743"]
[BlackElo "1833"]
[PlyCount "158"]
[EventDate "2010.04.07"]
[EventType "swiss"]
[EventRounds "9"]
[EventCountry "AUS"]
[SourceDate "2010.04.07"]

1. d4 d5 2. Nf3 Nf6 3. e3 e6 4. Bd3 c5 5. c3 Nc6 6. Nbd2 Bd6 7. O-O e5 8. dxe5
Nxe5 9. Nxe5 Bxe5 10. f4 Bd6 11. e4 dxe4 12. Nxe4 O-O 13. Nxd6 Ng4 14. Nxc8
Qxc8 15. Qc2 c4 16. Bxh7+ Kh8 17. Bf5 Qc5+ 18. Kh1 Nf6 19. Re1 Rfe8 20. Bd2 g6
21. Bh3 Rad8 22. Rxe8+ Rxe8 23. Re1 Rd8 24. Bc1 Rd3 25. g3 b5 26. Bf1 Rf3 27.
Qg2 Rf2 28. Be3 Rxg2 29. Bxc5 Rxb2 30. a3 Kh7 31. Bxa7 Ng4 32. Re2 Rb3 33. Bc5
Rxc3 34. Kg2 Rc1 35. h3 Nh6 36. Rb2 c3 37. Rxb5 c2 38. Be3 Re1 39. Bd2 c1=Q 40.
Bxc1 Rxc1 41. a4 Nf5 42. Bd3 Nd4 43. Rb7 Kg8 44. a5 Ra1 45. a6 Nc6 46. Bb5 Nd4
47. a7 Nxb5 48. Rb8+ Kg7 49. a8=Q Rxa8 50. Rxa8 Nd4 51. Kf2 Nf5 52. g4 Nd6 53.
Kf3 Nc4 54. Rd8 Na5 55. Ke4 Nc6 56. Rd6 Ne7 57. h4 f5+ 58. gxf5 Nxf5 59. Rd7+
Kh6 60. Rd8 Kg7 61. h5 Ng3+ 62. Ke5 Nxh5 63. Rd7+ Kg8 64. Rd4 Kf7 65. Rd7+ Kg8
66. f5 gxf5 67. Kxf5 Kf8 68. Kg6 Nf4+ 69. Kf5 Nh5 70. Kg5 Ng3 71. Ra7 Ke8 72.
Ra4 Kd7 73. Kg4 Ne2 74. Rc4 Kd6 75. Kf3 Kd5 76. Rc8 Nd4+ 77. Kf2 Ke4 78. Rc4
Kd3 79. Rxd4+ Kxd4 1/2-1/2

[Event "Sydney International Open"]
[Site "Parramatta, NSW"]
[Date "2010.04.09"]
[Round "6.1"]
[White "Jones, Gawain"]
[Black "Chao, Li"]
[Result "1/2-1/2"]
[WhiteElo "2556"]
[BlackElo "2613"]
[PlyCount "37"]
[EventDate "2010.04.07"]
[EventType "swiss"]
[EventRounds "9"]
[EventCountry "AUS"]
[SourceDate "2010.04.07"]

1. c4 Nf6 2. Nc3 d5 3. cxd5 Nxd5 4. g3 e5 5. Bg2 Nb6 6. Nf3 Nc6 7. d3 Be7 8.
O-O O-O 9. a3 Be6 10. b4 f6 11. Nd2 Qc8 12. Re1 Rd8 13. Bb2 a5 14. b5 Nd4 15.
e3 Nf5 16. Qe2 a4 17. Rac1 Nd6 18. Nde4 Nf7 19. Nd2 1/2-1/2

[Event "Sydney International Open"]
[Site "Parramatta, NSW"]
[Date "2010.04.09"]
[Round "6.3"]
[White "Zhao, Zong Yuan"]
[Black "Sharma, Dinesh Kumar"]
[Result "1-0"]
[WhiteElo "2592"]
[BlackElo "2361"]
[PlyCount "67"]
[EventDate "2010.04.07"]
[EventType "swiss"]
[EventRounds "9"]
[EventCountry "AUS"]
[SourceDate "2010.04.07"]

1. c4 f5 2. Nf3 Nf6 3. g3 g6 4. Bg2 Bg7 5. O-O O-O 6. Nc3 d6 7. d4 Nc6 8. d5
Na5 9. Qd3 c5 10. b3 Bd7 11. Bd2 a6 12. Ng5 Rb8 13. Rab1 b5 14. Ne6 Bxe6 15.
dxe6 b4 16. Nd5 Nxd5 17. Bxd5 Qc7 18. f4 Nc6 19. Kh1 Qc8 20. Rbe1 Kh8 21. e3
Nd8 22. e4 Nc6 23. exf5 gxf5 24. g4 Nd4 25. Rg1 Qe8 26. gxf5 Rxf5 27. Rg3 Qh5
28. Be4 Rbf8 29. Reg1 Bf6 30. Rh3 Bh4 31. Be1 Rxf4 32. Bxh4 Rxh4 33. Qg3 Rxh3
34. Qg7# 1-0

[Event "Sydney International Open"]
[Site "Parramatta, NSW"]
[Date "2010.04.09"]
[Round "6.4"]
[White "Kunte, Abhijit"]
[Black "Ikeda, Junta"]
[Result "1/2-1/2"]
[WhiteElo "2528"]
[BlackElo "2302"]
[PlyCount "75"]
[EventDate "2010.04.07"]
[EventType "swiss"]
[EventRounds "9"]
[EventCountry "AUS"]
[SourceDate "2010.04.07"]

1. d4 Nf6 2. Nf3 e6 3. c4 Bb4+ 4. Nbd2 O-O 5. g3 c5 6. dxc5 Bxc5 7. Bg2 d5 8.
O-O Nc6 9. cxd5 exd5 10. Nb3 Bb6 11. Bg5 h6 12. Bxf6 Qxf6 13. Qd2 Bg4 14. h3
Be6 15. Rad1 Rfd8 16. Nbd4 Rac8 17. e3 Rc7 18. Rc1 Rdc8 19. Nb5 Rd7 20. Nfd4
Rdd8 21. Rfd1 a6 22. Nxc6 bxc6 23. Nd4 c5 24. Nxe6 fxe6 25. b3 Rf8 26. Qe2 a5
27. Rd2 Qe7 28. e4 c4 29. Qd1 c3 30. Re2 Rxf2 31. Rxf2 Bxf2+ 32. Kxf2 Qc5+ 33.
Ke2 Rf8 34. Qe1 Qb5+ 35. Ke3 Qc5+ (35... d4+ $1 {Norman,B} 36. Kxd4 Rf2 $3 $19)
36. Ke2 Qb5+ 37. Ke3 Qc5+ 38. Ke2 1/2-1/2

[Event "Sydney International Open"]
[Site "Parramatta, NSW"]
[Date "2010.04.09"]
[Round "6.7"]
[White "Smerdon, David"]
[Black "Teichmann, Erik OMC"]
[Result "1-0"]
[WhiteElo "2530"]
[BlackElo "2325"]
[PlyCount "135"]
[EventDate "2010.04.07"]
[EventType "swiss"]
[EventRounds "9"]
[EventCountry "AUS"]
[SourceDate "2010.04.07"]

1. e4 Nc6 2. Nf3 d6 3. d4 Nf6 4. Nc3 Bg4 5. Be3 e5 6. Bb5 Nd7 7. d5 Ncb8 8. Be2
Be7 9. Nd2 Bxe2 10. Qxe2 Bg5 11. Bxg5 Qxg5 12. Qb5 b6 13. Qc4 O-O 14. Qxc7 Nc5
15. Qxd6 Nba6 16. Nf3 Qxg2 17. Ke2 Rad8 18. Qe7 Ne6 19. Rhg1 Nf4+ 20. Ke3 Qh3
21. Qxe5 Ng6 22. Qf5 Qh6+ 23. Qg5 Qh3 24. Qf5 Qh6+ 25. Ke2 Rfe8 26. Kf1 Nc5 27.
Re1 f6 28. Rg3 Ne7 29. Qh3 Qxh3+ 30. Rxh3 f5 31. exf5 Nxf5 32. Ne5 Nd4 33. Nc6
Rxe1+ 34. Kxe1 Re8+ 35. Kd2 Nf5 36. b4 Nd7 37. Rf3 Nd6 38. Kd3 a5 39. Re3 Rxe3+
40. fxe3 axb4 41. Ne4 Nf5 42. Nxb4 Ne5+ 43. Ke2 h6 44. d6 Kf7 45. Nd5 Ke6 46.
Nxb6 Nxd6 47. Nxd6 Kxd6 48. Na4 Kd5 49. Nb2 g5 50. Nd3 Nc4 51. Nf2 Ne5 52. e4+
Kd4 53. a4 Nc6 54. Kd2 Ne5 55. Ke2 Nc6 56. Kf3 h5 57. Kg3 Ke3 58. Nh3 g4 59.
Nf4 Kxe4 60. Nxh5 Kd4 61. Nf6 Kc3 62. Nxg4 Kxc2 63. h4 Kb3 64. h5 Kxa4 65. h6
Ne7 66. h7 Ng6 67. Ne5 Nh8 68. Kf4 1-0

[Event "Sydney International Open"]
[Site "Parramatta, NSW"]
[Date "2010.04.09"]
[Round "6.8"]
[White "Charles, Gareth"]
[Black "Barua, Dibyendu"]
[Result "1/2-1/2"]
[WhiteElo "2148"]
[BlackElo "2479"]
[PlyCount "97"]
[EventDate "2010.04.07"]
[EventType "swiss"]
[EventRounds "9"]
[EventCountry "AUS"]
[SourceDate "2010.04.07"]

1. d4 d5 2. c4 e6 3. Nf3 c6 4. Qc2 f5 5. Nc3 Nf6 6. Bg5 Be7 7. e3 O-O 8. Bd3
Ne4 9. Bxe7 Qxe7 10. Ne5 Nd7 11. Nxd7 Bxd7 12. O-O Be8 13. f3 Nf6 14. Rae1 Bg6
15. cxd5 cxd5 16. Qd2 Rfd8 17. Rc1 Rac8 18. Ne2 Be8 19. Rxc8 Rxc8 20. Rc1 Rxc1+
21. Qxc1 b6 22. Qc3 Kf7 23. Ba6 g5 24. Nc1 g4 25. Nd3 gxf3 26. Ne5+ Kf8 27.
gxf3 f4 28. exf4 Nh5 29. Qe3 Qf6 30. f5 exf5 31. Nd3 f4 32. Qe5 Qxe5 33. Nxe5
Ke7 34. Bc8 Kf6 {Black offered a draw.} 35. Nd3 a5 36. Kf2 Bb5 37. Ne5 Ng7 38.
Bd7 Bxd7 39. Nxd7+ Ke6 40. Nxb6 Nf5 41. Na4 Nxd4 42. Nc5+ Ke5 43. b4 axb4 44.
Nd3+ Kd6 45. Nxb4 Ne6 46. Nd3 Kc6 47. Ke2 Nd4+ 48. Kf2 Ne6 49. Ke2 1/2-1/2

[Event "Sydney International Open"]
[Site "Parramatta, NSW"]
[Date "2010.04.09"]
[Round "6.9"]
[White "Macak, Stefan"]
[Black "Stojic, Dusan"]
[Result "1-0"]
[WhiteElo "2470"]
[BlackElo "2192"]
[PlyCount "95"]
[EventDate "2010.04.07"]
[EventType "swiss"]
[EventRounds "9"]
[EventCountry "AUS"]
[SourceDate "2010.04.07"]

1. e4 c5 2. Nf3 Nf6 3. e5 Nd5 4. Nc3 e6 5. Nxd5 exd5 6. d4 Nc6 7. Be2 d6 8.
exd6 Bxd6 9. dxc5 Bxc5 10. O-O O-O 11. Bg5 Qd6 12. Bh4 Be6 13. Bg3 Qd7 14. Qd2
f6 15. a3 Rfd8 16. Rfe1 Rac8 17. h3 Bb6 18. Rad1 Bf5 19. Bb5 Qf7 20. Qc1 Na5
21. c3 Nb3 22. Qf4 Bc2 23. Bd3 Bxd1 24. Bxh7+ Kh8 25. Qh4 g5 26. Nxg5 Qh5 27.
Nf7+ Kg7 28. Nxd8 Qxh4 29. Re7+ Kf8 30. Rf7+ Ke8 31. Bxh4 Bh5 32. Rxb7 Rxd8 33.
Bxf6 Rd7 34. Rxd7 Kxd7 35. g4 Bf7 36. g5 Be6 37. Bc2 Nc5 38. h4 Ne4 39. Bd4
Bxd4 40. cxd4 Bg4 41. Kg2 Bh5 42. Bxe4 dxe4 43. Kg3 Ke6 44. Kf4 Kd5 45. Kf5
Kxd4 46. Kf6 Kd3 47. g6 Bd1 48. h5 1-0

[Event "Sydney International Open"]
[Site "Parramatta, NSW"]
[Date "2010.04.09"]
[Round "6.10"]
[White "Ayvazyan, Armen"]
[Black "Xie, George"]
[Result "0-1"]
[WhiteElo "2222"]
[BlackElo "2470"]
[PlyCount "82"]
[EventDate "2010.04.07"]
[EventType "swiss"]
[EventRounds "9"]
[EventCountry "AUS"]
[SourceDate "2010.04.07"]

1. Nf3 d5 2. d4 c6 3. c4 Nf6 4. Nc3 g6 5. Bf4 Bg7 6. e3 O-O 7. Rc1 a6 8. cxd5
cxd5 9. Bd3 Nc6 10. h3 e6 11. O-O Bd7 12. Na4 Ne4 13. Nc5 Nxc5 14. Rxc5 Re8 15.
a3 Rc8 16. Qc2 f6 17. Qb3 Bf8 18. Rc3 b5 19. Rfc1 Qb6 20. Qd1 a5 21. Qb3 b4 22.
a4 Na7 23. Rxc8 Rxc8 24. Rxc8 Nxc8 25. e4 dxe4 26. Bxe4 Nd6 27. Bd3 Qc6 28.
Bxd6 Qc1+ 29. Kh2 Bxd6+ 30. g3 Kf7 31. Qc2 Qa1 32. b3 Qc3 33. Qxc3 bxc3 34. Ne1
Bc6 35. f3 e5 36. Bc4+ Ke7 37. dxe5 Bxe5 38. Kg2 Kd6 39. Kf2 g5 40. g4 Kc5 41.
Ke2 Bxa4 0-1

[Event "Sydney International Open"]
[Site "Parramatta, NSW"]
[Date "2010.04.09"]
[Round "6.11"]
[White "Samar, Raul"]
[Black "Johansen, Darryl"]
[Result "0-1"]
[WhiteElo "2235"]
[BlackElo "2457"]
[PlyCount "92"]
[EventDate "2010.04.07"]
[EventType "swiss"]
[EventRounds "9"]
[EventCountry "AUS"]
[SourceDate "2010.04.07"]

1. e4 c5 2. Nc3 e6 3. f4 a6 4. Nf3 b5 5. d3 Bb7 6. g3 Nf6 7. Bg2 b4 8. Ne2 Be7
9. h3 Nc6 10. Be3 d5 11. e5 Nd7 12. c3 bxc3 13. bxc3 O-O 14. O-O a5 15. Qd2 Rc8
16. Rab1 Ba6 17. Rfc1 f6 18. d4 Nb6 19. Bf2 Nc4 20. Qd1 fxe5 21. dxe5 Rb8 22.
h4 Nb2 23. Qc2 Bd3 24. Qd2 Bxb1 25. Rxb1 Nc4 26. Qd3 Rxb1+ 27. Qxb1 Qb6 28. Qd3
Rb8 29. Ne1 Kh8 30. Bh3 Nd8 31. h5 Qb1 32. Qf3 Qe4 33. Qg4 Rb2 34. Bf1 Nxe5 35.
Qh3 Nf3+ 36. Nxf3 Qxf3 37. Qh2 Rxe2 38. Bxe2 Qxe2 39. h6 Qd1+ 40. Kg2 g6 41. f5
gxf5 42. g4 Qxg4+ 43. Kf1 f4 44. Ke1 Nf7 45. Qh1 Ne5 46. Kd2 Nc4+ 0-1

[Event "Sydney International Open"]
[Site "Parramatta, NSW"]
[Date "2010.04.09"]
[Round "6.12"]
[White "Solomon, Stephen"]
[Black "Dhar Barua, Saheli"]
[Result "1-0"]
[WhiteElo "2426"]
[BlackElo "2156"]
[PlyCount "129"]
[EventDate "2010.04.07"]
[EventType "swiss"]
[EventRounds "9"]
[EventCountry "AUS"]
[SourceDate "2010.04.07"]

1. e4 e6 2. d4 d5 3. Nc3 Bb4 4. e5 c5 5. Bd2 Bd7 6. Nb5 Bxd2+ 7. Qxd2 Bxb5 8.
Bxb5+ Nc6 9. dxc5 Qc7 10. Nf3 O-O-O 11. Bxc6 Qxc6 12. b4 d4 13. O-O Ne7 14.
Rfe1 Nf5 15. Ng5 Rd7 16. Qd3 h5 17. Ne4 Rd5 18. a4 Kb8 19. f4 Rh6 20. b5 Qc8
21. a5 Rh8 22. Reb1 Rxc5 23. Nxc5 Qxc5 24. a6 b6 25. Qe4 Qd5 26. Qxd5 exd5 27.
Ra3 Rc8 28. Rb2 Ne3 29. Rd3 Nxc2 30. Kf2 Rc4 31. Kg3 Nb4 32. Rf3 d3 33. Kh4 Rd4
34. Rd2 Kc7 35. Kxh5 Kd7 36. Kg5 Ke6 37. h4 Re4 38. g3 d4 39. h5 Re3 40. Kg4
f5+ 41. exf6 Kxf6 42. Rf1 Nd5 43. Rf3 Nb4 44. Rd1 Re2 45. Rfxd3 Nxd3 46. Rxd3
Rb2 47. Rxd4 Rxb5 48. Rd7 Ra5 49. Rxa7 b5 50. Rb7 Rxa6 51. Rxb5 Kf7 52. Kg5 Kg8
53. f5 Kh7 54. g4 Rc6 55. Re5 Ra6 56. Re6 Ra4 57. h6 gxh6+ 58. Rxh6+ Kg7 59.
Re6 Kf7 60. Rb6 Kg7 61. Rb7+ Kf8 62. f6 Rc4 63. Kf5 Rc5+ 64. Kg6 Rc8 65. Rh7
1-0

[Event "Sydney International Open"]
[Site "Parramatta, NSW"]
[Date "2010.04.09"]
[Round "6.13"]
[White "Rej, Tomek"]
[Black "Castor, David"]
[Result "1-0"]
[WhiteElo "2348"]
[BlackElo "2131"]
[PlyCount "87"]
[EventDate "2010.04.07"]
[EventType "swiss"]
[EventRounds "9"]
[EventCountry "AUS"]
[SourceDate "2010.04.07"]

1. d4 Nf6 2. c4 c5 3. d5 b5 4. cxb5 a6 5. b6 e6 6. Nc3 Nxd5 7. Nxd5 exd5 8.
Qxd5 Nc6 9. e4 Be7 10. Bc4 O-O 11. Nf3 Rb8 12. O-O Rxb6 13. Qh5 d6 14. Ng5 Bxg5
15. Bxg5 Qe8 16. Rae1 Be6 17. Bd5 f6 18. Qxe8 Rxe8 19. Be3 Bxd5 20. exd5 Nb4
21. Bxc5 Rxe1 22. Bxb6 Rxf1+ 23. Kxf1 Nxd5 24. Be3 Kf7 {Black offered a draw.}
25. Ke2 Ke6 26. Kd3 Kd7 27. Kc4 Kc6 28. b4 Nc7 29. a4 d5+ 30. Kd3 Ne6 31. g3
Nc7 32. h4 Ne8 33. Bf4 g6 34. Kd4 Ng7 35. b5+ axb5 36. axb5+ Kxb5 37. Kxd5 f5
38. Be5 Nh5 39. f3 f4 40. Bxf4 Ng7 41. g4 h5 42. Be5 Ne8 43. gxh5 gxh5 44. f4
1-0

[Event "Sydney International Open"]
[Site "Parramatta, NSW"]
[Date "2010.04.09"]
[Round "6.14"]
[White "Monir, Arman"]
[Black "Illingworth, Max"]
[Result "0-1"]
[WhiteElo "2139"]
[BlackElo "2289"]
[PlyCount "92"]
[EventDate "2010.04.07"]
[EventType "swiss"]
[EventRounds "9"]
[EventCountry "AUS"]
[SourceDate "2010.04.07"]

1. e4 e5 2. d4 exd4 3. Nf3 d6 4. Bc4 Nf6 5. O-O Be7 6. Qxd4 Nc6 7. Qe3 O-O 8.
Nc3 Bg4 9. h3 Bxf3 10. Qxf3 Ne5 11. Qe2 Nxc4 12. Qxc4 c6 13. Bg5 h6 14. Bxf6
Bxf6 15. Rad1 Rc8 16. Ne2 Qc7 17. c3 Rfe8 18. Ng3 g6 19. Kh1 Re7 20. Qd3 Rd8
21. f4 Red7 22. Rd2 Qa5 23. a3 Bg7 24. Rfd1 Qa4 25. Qf3 Qc4 26. e5 Qe6 27. Qg4
Qxg4 28. hxg4 d5 29. c4 g5 30. Nf5 gxf4 31. cxd5 cxd5 32. Rxd5 Rxd5 33. Rxd5
Rxd5 34. Ne7+ Kh7 35. Nxd5 Bxe5 36. b3 Kg6 37. Kh2 f3+ 38. g3 Kg5 39. Kh3 Bd4
40. Nf4 f2 41. Kg2 Kxg4 42. Ne2 Be3 43. b4 h5 44. a4 f5 45. b5 f4 46. Nxf4 Bxf4
0-1

[Event "Sydney International Open"]
[Site "Parramatta, NSW"]
[Date "2010.04.09"]
[Round "6.15"]
[White "Steadman, Michael"]
[Black "Zulfic, Fedja"]
[Result "1-0"]
[WhiteElo "2264"]
[BlackElo "2008"]
[PlyCount "41"]
[EventDate "2010.04.07"]
[EventType "swiss"]
[EventRounds "9"]
[EventCountry "AUS"]
[SourceDate "2010.04.07"]

1. d4 Nf6 2. c4 g6 3. Nc3 d5 4. cxd5 Nxd5 5. Bd2 Bg7 6. e4 Nxc3 7. Bxc3 O-O 8.
Be2 c6 9. Qd2 f5 10. e5 Be6 11. h4 c5 12. Nf3 cxd4 13. Nxd4 Bd5 14. h5 Nc6 15.
hxg6 hxg6 16. Nxc6 bxc6 17. Qg5 Kf7 18. e6+ Bxe6 19. Rh7 Rg8 20. Qh6 Qf8 21.
Bh5 1-0

[Event "Sydney International Open"]
[Site "Parramatta, NSW"]
[Date "2010.04.09"]
[Round "6.16"]
[White "Smirnov, Anton"]
[Black "Rujevic, Mirko"]
[Result "0-1"]
[WhiteElo "1868"]
[BlackElo "2261"]
[PlyCount "62"]
[EventDate "2010.04.07"]
[EventType "swiss"]
[EventRounds "9"]
[EventCountry "AUS"]
[SourceDate "2010.04.07"]

1. e4 e5 2. Bc4 Nc6 3. Nc3 Nf6 4. d3 Bc5 5. f4 d6 6. Nf3 Bg4 7. h3 Bxf3 8. Qxf3
exf4 9. Bxf4 Ne5 10. Bxe5 dxe5 11. Qg3 Qe7 12. O-O-O O-O 13. Rdf1 c6 14. Rf5
Rae8 15. Rhf1 Kh8 16. Nd1 b5 17. Bb3 a5 18. a4 Qd6 19. h4 Re7 20. h5 Ng8 21.
Nc3 Nh6 22. R5f3 Bd4 23. Qe1 Rb7 24. Nd1 bxa4 25. Bxa4 Bxb2+ 26. Nxb2 Qa3 27.
Qxa5 Rxb2 28. Kd2 Ra2 29. Rxf7 Nxf7 30. Rxf7 Rxf7 31. Qd8+ Rf8 0-1

[Event "Sydney International Open"]
[Site "Parramatta, NSW"]
[Date "2010.04.09"]
[Round "6.17"]
[White "Lane, Gary"]
[Black "Grigg, Sam"]
[Result "1-0"]
[WhiteElo "2380"]
[BlackElo "1979"]
[PlyCount "91"]
[EventDate "2010.04.07"]
[EventType "swiss"]
[EventRounds "9"]
[EventCountry "AUS"]
[SourceDate "2010.04.07"]

1. e4 c5 2. Nc3 g6 3. Nf3 Bg7 4. d4 cxd4 5. Nxd4 Nc6 6. Be3 d6 7. Bc4 Nf6 8. h3
Bd7 9. O-O O-O 10. Bb3 Na5 11. Qd3 Nxb3 12. axb3 a6 13. f4 Ne8 14. Nd5 e6 15.
Nc3 f5 16. exf5 gxf5 17. Rae1 Nf6 18. Bf2 Re8 19. Qg3 Qc7 20. Qg5 Rad8 21. Re3
Bc8 22. Rfe1 Qf7 23. R3e2 h6 24. Qh4 Nh5 25. Be3 e5 26. Nf3 exf4 27. Bb6 Bf6
28. Bxd8 Rxe2 29. Bxf6 Rxe1+ 30. Nxe1 Nxf6 31. Qxh6 Qe6 32. Kf1 Ne4 33. Qxf4
Nxc3 34. bxc3 Qe5 35. Qd4 b5 36. Nf3 Qc5 37. b4 Qxd4 38. Nxd4 Kg7 39. Kf2 Kf6
40. Ke3 Bb7 41. g3 Ke5 42. h4 Bd5 43. Nf3+ Kf6 44. Kf4 Kg6 45. Nd4 Be4 46. g4
1-0

[Event "Sydney International Open"]
[Site "Parramatta, NSW"]
[Date "2010.04.09"]
[Round "6.18"]
[White "Ly, Moulthun"]
[Black "Jule, Alexandra"]
[Result "0-1"]
[WhiteElo "2315"]
[BlackElo "1938"]
[PlyCount "68"]
[EventDate "2010.04.07"]
[EventType "swiss"]
[EventRounds "9"]
[EventCountry "AUS"]
[SourceDate "2010.04.07"]

1. e4 e6 2. d3 d5 3. Nd2 Nf6 4. g3 b6 5. Bg2 Bb7 6. Qe2 Be7 7. e5 Nfd7 8. Ngf3
c5 9. O-O Nc6 10. Re1 g5 11. h3 h5 12. g4 hxg4 13. hxg4 Qc7 14. c4 Nb4 15. Nf1
dxc4 16. dxc4 O-O-O 17. a3 Bxf3 18. Bxf3 Nc6 19. Bxc6 Qxc6 20. Qe4 Nxe5 21. Ng3
Qxe4 22. Rxe4 Rd1+ 23. Kg2 Nd3 24. Bxg5 Rxa1 25. Bxe7 Ne1+ 26. Kf1 Nf3+ 27. Ke2
Nd4+ 28. Kd2 Rb1 29. b4 Rb2+ 30. Ke3 f5 31. Bf6 Rb3+ 32. Kd2 Rf8 33. Rxd4 cxd4
34. g5 Rxa3 0-1

[Event "Sydney International Open"]
[Site "Parramatta, NSW"]
[Date "2010.04.09"]
[Round "6.20"]
[White "Chowdhury, Sohel"]
[Black "Holland, Dennis"]
[Result "1-0"]
[WhiteElo "2190"]
[BlackElo "1944"]
[PlyCount "103"]
[EventDate "2010.04.07"]
[EventType "swiss"]
[EventRounds "9"]
[EventCountry "AUS"]
[SourceDate "2010.04.07"]

1. e4 e6 2. d4 d5 3. exd5 exd5 4. Nf3 Bd6 5. Bd3 Nf6 6. O-O O-O 7. h3 h6 8. Be3
Be6 9. Re1 Re8 10. c3 c6 11. Nbd2 Nbd7 12. a3 a5 13. Qc2 b5 14. a4 b4 15. c4
Rc8 16. c5 Bc7 17. b3 Kh8 18. Rac1 Qe7 19. Ba6 Rb8 20. Bd3 Qf8 21. Nh2 g5 22.
Bf5 Qg7 23. g4 Bxf5 24. Qxf5 Nf8 25. Nhf3 Ng6 26. Qd3 Ra8 27. Nf1 Ne4 28. Kg2
f5 29. Qd1 f4 30. Bd2 Re6 31. Rc2 Rae8 32. Bc1 R8e7 33. Qd3 Qf7 34. Bb2 Kg8 35.
Rce2 Qe8 36. Qc2 Nxc5 37. Rxe6 Nxe6 38. N1d2 Nd8 39. Rxe7 Nxe7 40. Ne5 Bxe5 41.
dxe5 Ng6 42. Nf3 Ne6 43. Ba1 Ngf8 44. Qe2 Nc5 45. Nd4 Ng6 46. e6 f3+ 47. Kxf3
Qb8 48. Nf5 Qf4+ 49. Kg2 Qxf5 50. e7 Nh4+ 51. Kh1 Qb1+ 52. Kh2 1-0

[Event "Sydney International Open"]
[Site "Parramatta, NSW"]
[Date "2010.04.09"]
[Round "6.22"]
[White "Guo, Emma"]
[Black "McNamara, Gary"]
[Result "1/2-1/2"]
[WhiteElo "1941"]
[BlackElo "2117"]
[PlyCount "36"]
[EventDate "2010.04.07"]
[EventType "swiss"]
[EventRounds "9"]
[EventCountry "AUS"]
[SourceDate "2010.04.07"]

1. e4 g6 2. d4 Bg7 3. Nc3 c6 4. Be3 d6 5. f3 b5 6. Qd2 a6 7. Nge2 Nd7 8. h4 h5
9. g3 e6 10. Bh3 Bb7 11. Nf4 Qe7 12. Nce2 Ngf6 13. O-O e5 14. Nd3 exd4 15. Nxd4
O-O 16. c3 c5 17. Nc2 Ne5 18. Nxe5 dxe5 1/2-1/2

[Event "Sydney International Open"]
[Site "Parramatta, NSW"]
[Date "2010.04.09"]
[Round "6.23"]
[White "Perera, Pasan"]
[Black "Nakauchi, Gene"]
[Result "0-1"]
[WhiteElo "1575"]
[BlackElo "2119"]
[PlyCount "110"]
[EventDate "2010.04.07"]
[EventType "swiss"]
[EventRounds "9"]
[EventCountry "AUS"]
[SourceDate "2010.04.07"]

1. Nf3 c5 2. e4 e6 3. d4 cxd4 4. Nxd4 a6 5. c4 Nf6 6. Nc3 Qc7 7. Bg5 Be7 8. Be2
b6 9. O-O Bb7 10. Qc2 O-O 11. Be3 d6 12. f4 Nbd7 13. Rac1 Rac8 14. Rfd1 Rfe8
15. Qb1 Qb8 16. g4 Qa8 17. Bf3 Nc5 18. b4 Ncxe4 19. Na4 Nd7 20. g5 b5 21. Nb2
bxc4 22. Nxc4 Bd5 23. Bxe4 Bxe4 24. Qb2 Rc7 25. Na5 Rec8 26. Rxc7 Rxc7 27. Rc1
Qc8 28. Rxc7 Qxc7 29. Qc1 Qxc1+ 30. Bxc1 d5 31. Nac6 Bd6 32. Be3 Nb6 33. Kf2
Nc4 34. a4 Nb2 35. b5 Nd3+ 36. Ke2 axb5 37. axb5 Nc5 38. b6 Kf8 39. Kd2 Nb7 40.
Nb5 Ke8 41. Nxd6+ Nxd6 42. Na5 Kd7 43. Kc3 f6 44. Bc5 e5 45. fxe5 fxe5 46. Kb4
d4 47. Nc4 Nxc4 48. Kxc4 Ke6 49. Bf8 g6 50. Bg7 Kf5 51. Bf6 Kf4 52. b7 Bxb7 53.
Kd3 Ba6+ 54. Kd2 Ke4 55. Bg7 Kd5 0-1

[Event "Sydney International Open"]
[Site "Parramatta, NSW"]
[Date "2010.04.09"]
[Round "6.24"]
[White "Chen, Peng Yu"]
[Black "Broekhuyse, Paul"]
[Result "0-1"]
[WhiteElo "1934"]
[BlackElo "2108"]
[PlyCount "94"]
[EventDate "2010.04.07"]
[EventType "swiss"]
[EventRounds "9"]
[EventCountry "AUS"]
[SourceDate "2010.04.07"]

1. e4 c5 2. Nf3 d6 3. d4 cxd4 4. Nxd4 Nf6 5. Nc3 a6 6. Bg5 Nc6 7. Bxf6 gxf6 8.
Qd2 h5 9. Nxc6 bxc6 10. Bc4 Qa5 11. O-O Bh6 12. Qd3 Qg5 13. f4 Qg4 14. Qf3 Rg8
15. Rf2 Rb8 16. Bb3 Qxf3 17. Rxf3 Bg4 18. Rf2 h4 19. Raf1 f5 20. exf5 Bxf5 21.
Rd2 Rb4 22. Ne2 Bg4 23. Nd4 c5 24. c3 Rb6 25. Ne2 e6 26. Rc2 Bf5 27. Rd2 Be4
28. Nc1 Ke7 29. Re2 f5 30. Bc4 Rg4 31. Nd3 Kf6 32. h3 Rg3 33. Ne1 d5 34. Bb3
Rb8 35. Kh2 Rbg8 36. Bc2 Bf8 37. Bxe4 fxe4 38. Nc2 a5 39. Kh1 a4 40. Rff2 Bd6
41. Ne3 Rxe3 42. Rxe3 Kf5 43. c4 d4 44. Ra3 e3 45. Re2 Bxf4 46. Kg1 Ke4 47. Kf1
d3 0-1

[Event "Sydney International Open"]
[Site "Parramatta, NSW"]
[Date "2010.04.09"]
[Round "6.25"]
[White "Deen Cowell, Nicholas Andrew"]
[Black "Stead, Kerry"]
[Result "1-0"]
[WhiteElo "1896"]
[BlackElo "2087"]
[PlyCount "131"]
[EventDate "2010.04.07"]
[EventType "swiss"]
[EventRounds "9"]
[EventCountry "AUS"]
[SourceDate "2010.04.07"]

1. e4 e5 2. Nf3 Nc6 3. Bb5 a6 4. Ba4 Nf6 5. O-O Be7 6. Re1 b5 7. Bb3 d6 8. c3
Na5 9. Bc2 c5 10. d4 Qc7 11. h3 h6 12. Nbd2 O-O 13. Nf1 Re8 14. Ng3 Bf8 15.
dxe5 dxe5 16. Nf5 Be6 17. b3 Rad8 18. Qe2 Kh7 19. g4 g6 20. g5 Ng8 21. Nxh6
Bxh3 22. Nh2 Nxh6 23. gxh6 Qc8 24. Qf3 Be6 25. Bg5 Rd6 26. Qg3 Nc6 27. Nf3 Bd7
28. Be3 Rf6 29. Ng5+ Kh8 30. Qh4 Be7 31. Kg2 Bg4 32. Qg3 Bh5 33. Bd1 Bxd1 34.
Raxd1 Bf8 35. Rd5 c4 36. b4 Qb8 37. Red1 Rd8 38. Qg4 Rxd5 39. exd5 Nd8 40. Ne4
Rf5 41. Bg5 Qb6 42. Qh4 Nb7 43. Bf6+ Rxf6 44. Qxf6+ Qxf6 45. Nxf6 Be7 46. Nd7
f6 47. Nb8 Kh7 48. Nxa6 Kxh6 49. Nc7 Nd6 50. Ne6 g5 51. Nc5 Kg6 52. Re1 Kf5 53.
f3 g4 54. Kg3 gxf3 55. Kxf3 Bf8 56. Ne4 Nf7 57. a4 bxa4 58. Ra1 Bh6 59. Rxa4
Bf4 60. b5 Ng5+ 61. Nxg5 fxg5 62. b6 e4+ 63. Kg2 Ke5 64. b7 Kxd5 65. Ra8 e3 66.
Kf3 1-0

[Event "Sydney International Open"]
[Site "Parramatta, NSW"]
[Date "2010.04.09"]
[Round "6.28"]
[White "Gu, Sean"]
[Black "Stojic, Svetozar"]
[Result "1-0"]
[WhiteElo "1819"]
[BlackElo "2013"]
[PlyCount "105"]
[EventDate "2010.04.07"]
[EventType "swiss"]
[EventRounds "9"]
[EventCountry "AUS"]
[SourceDate "2010.04.07"]

1. e4 c5 2. c3 d5 3. exd5 Qxd5 4. d4 Nc6 5. Nf3 Nf6 6. Be2 Bg4 7. h3 Bh5 8. O-O
e6 9. Be3 cxd4 10. cxd4 Be7 11. Nc3 Qd6 12. Rc1 O-O 13. a3 Rfd8 14. Nb5 Qb8 15.
Qa4 Nd5 16. Nc3 Nf4 17. Bxf4 Qxf4 18. Rcd1 Bxf3 19. Bxf3 Rxd4 20. Rxd4 Nxd4 21.
Bxb7 Ne2+ 22. Kh1 Rb8 23. Bf3 Nd4 24. Be4 Nf5 25. Bxf5 Qxf5 26. Qxa7 Re8 27.
Qd7 Kf8 28. a4 Rd8 29. Qc7 g5 30. f4 Rd2 31. a5 g4 32. Qe5 Qxe5 33. fxe5 gxh3
34. gxh3 Rxb2 35. a6 Rb3 36. a7 Ra3 37. Nb5 Ra5 38. Rc1 Kg7 39. Rc8 Bg5 40.
a8=Q Rxa8 41. Rxa8 Bf4 42. Kg2 Bxe5 43. Kf3 f5 44. Na3 Bf6 45. Nc4 Kg6 46. Ra6
Kf7 47. Kf4 h6 48. Ra7+ Kg6 49. Ne5+ Kh5 50. Ra6 Kh4 51. Rxe6 Bg5+ 52. Kxf5
Kxh3 53. Ng4 1-0